| 000 | 01319nam a2200349 i 4500 | ||
|---|---|---|---|
| 001 | 17660 | ||
| 003 | ES-MaACL | ||
| 005 | 20250817062546.0 | ||
| 007 | t| | ||
| 008 | 010420s2000 sp ||||1| spa d | ||
| 020 | _a84-7075-492-0 | ||
| 020 | _a84-89935-19-X | ||
| 080 | _a741.9(064.3) | ||
| 080 | _a7.036/037(064.3) | ||
| 245 | 0 | 0 |
_aDe Caspar David Friedrich a Picasso : _bobras maestras sobre papel del Museo Von der Heydt de Wuppertal : [exposición] 19 de enero-22 de abril 2001, Fundación Juan March. |
| 260 |
_aMadrid : _bFundación Juan March : _bEditorial de Arte y Ciencia, _c[2000] |
||
| 300 |
_a155 p. : _bil. col. ; _c29 cm. |
||
| 650 | 4 |
_aDibujo europeo- _vExposiciones. _911869 |
|
| 650 | 4 |
_aPintura europea- _vExposiciones. _916044 |
|
| 650 | 4 |
_aGrabado europeo- _vExposiciones. _9137883 |
|
| 650 | 4 |
_aDibujo- _yS.XIX- _vExposiciones. _9170065 |
|
| 650 | 4 |
_aDibujo- _yS.XX- _vExposiciones. _9170066 |
|
| 650 | 4 |
_aPintura- _yS.XIX- _vExposiciones. _9137837 |
|
| 650 | 4 |
_aPintura- _yS.XX- _vExposiciones. _916011 |
|
| 650 | 4 |
_aGrabado- _yS.XIX- _vExposiciones. _9137838 |
|
| 650 | 4 |
_aGrabado- _yS.XX- _vExposiciones. _913148 |
|
| 655 | 7 |
_2tgfbne _9193628 _aCatálogos de exposiciones |
|
| 710 | 2 |
_aFundación Juan March _94346 |
|
| 852 |
_aES-MaACL _jL-24576 |
||
| 942 | _2udc | ||
| 999 |
_c17660 _d17660 |
||